000 00317nam a2200121Ia 4500
008 210430s9999 xx 000 0 und d
082 _a604.2B5751E
100 _aBhatt N.D
_910018
245 _aEngineering Drawing Plane And Solid Geometry
_cBhatt N.D
260 _aIndia
_c2010
300 _a712p.
942 _cBK
_2ddc
999 _c565556
_d565556